000 00477nam a2200193Ia 4500
008 210210b1934 xxu||||| |||| 00| 0 eng d
041 _aeng
082 _a886/17
100 _aKATYAYANA
245 _aVajasaneya pratisakhya by VenkaTramana shAstri
260 _aMadras
_bUniversity of Madras
_c1934
650 _aVenkaTramana
650 _aVajasaneya
650 _ashAstri
650 _apratisakhya
650 _aby
690 _aSanskrit Criticism
906 _a024524
999 _c150064
_d150064